<The> democratic deficit of the EU
Demokratický deficit Európskej únie vo vzťahu k rozšíreniu EÚ. Európske občianstvo bez skutočnej podstaty? Demokratický deficit na rôznych inštitucionálnych úrovniach EÚ. Rada EÚ, Európska komisia, Európsky parlament. Koncepcia reformy na zníženie demokratického deficitu Európskej únie.
Salvato in:
| Autore principale: | |
|---|---|
| Natura: | Capitolo di libro |
| Lingua: | inglese |
| Soggetti: | |
| Tags: |
Nessun Tag, puoi essere il primo ad aggiungerne!!
|
MARC
| LEADER | 00000nla$a2200000$$$4500 | ||
|---|---|---|---|
| 001 | 0130166 | ||
| 005 | 20240502083324.6 | ||
| 041 | 0 | |a eng | |
| 044 | |a CZ | ||
| 245 | 1 | 0 | |a <The> democratic deficit of the EU |c Recenzoval: Zuzana Silná |
| 520 | |a Demokratický deficit Európskej únie vo vzťahu k rozšíreniu EÚ. Európske občianstvo bez skutočnej podstaty? Demokratický deficit na rôznych inštitucionálnych úrovniach EÚ. Rada EÚ, Európska komisia, Európsky parlament. Koncepcia reformy na zníženie demokratického deficitu Európskej únie. | ||
| 610 | 2 | 0 | |a Európska únia |
| 610 | 2 | 0 | |a demokracia |
| 610 | 2 | 0 | |a Európska komisia |
| 610 | 2 | 0 | |a Európska rada |
| 610 | 2 | 0 | |a Európsky parlament |
| 100 | 1 | |a Slováková, Viera | |